000 00303nam a22001337a 4500
008 180803b xxu||||| |||| 00| 0 eng d
082 _a813.52
245 _aThe art of public speaking
_cLUCAS.S.E
260 _c2007
300 _a6
_fCD
440 _x9780073216508
760 _b9 th
942 _2ddc
_cMX
999 _c46778
_d46778